000 00832nam a2200241 a 4500
001 BRCA_316
005 20190320202945.0
008 811021m19821989enka---##b---#000-0#eng-d
020 _a0907462065 (v. 1)
020 _a1851490930 (v. 2)
050 4 _aNK4277
_b.C64 1982
100 1 _aCoysh, Arthur Wilfred
_d1905-
_91047
245 1 0 _aThe dictionary of blue and white printed pottery 1780-1880
_cA. W. Coysh and R. K. Henrywood.
260 _aWoodbridge, Suffolk
_bAntique Collectors Club
_c1982-1989
300 _a2 v.
_bil. (algunas a color)
_c28 cm.
500 _aDonación Consejo Británico
504 _aIncluye referencias bibliográficas
650 1 4 _aCerámica inglesa
_vDiccionarios
_91048
650 1 4 _aPorcelana inglesa
_vDiccionarios
_91049
700 1 _aHenrywood, Richard K
_91050
902 _aDCB
942 _2lcc
_cB
999 _c253
_d253